| 000 | 01027cam a2200289 a 4500 | ||
|---|---|---|---|
| 001 | 766 | ||
| 005 | 20230706145926.0 | ||
| 008 | 000626s2000 nyu c 000 1 eng | ||
| 020 | _a0689839871 | ||
| 040 |
_aDLC _cDLC _dDLC _beng |
||
| 050 | 0 | 0 |
_aPZ7.H4364 _bSt 2000 |
| 082 | 0 | 0 |
_a[Fic] _221 |
| 100 | 1 | _aHesse, Karen. | |
| 245 | 1 | 0 |
_aStowaway / _cKaren Hesse ; with drawings by Robert Andrew Parker. |
| 260 |
_aNew York : _bMargaret K. McElderry Books, _c2000. |
||
| 300 |
_a319 pages.5 unnumbered pages, maps ; _c24 cm. |
||
| 505 | _aS | ||
| 520 | _aA fictionalized journal relates the experiences of a young stowaway from 1768 to 1771 aboard the Endeavor which sailed around the world under Captain James Cook. | ||
| 521 |
_a790
_bLexile |
||
| 521 |
_aS
_bRaz-Plus |
||
| 650 | 1 |
_aVoyages around the world _vFiction. |
|
| 650 | 1 | _aSea stories. | |
| 650 | 1 |
_aDiaries _vFiction. |
|
| 700 | 1 |
_aParker, Robert Andrew, _eilustrations. |
|
| 906 |
_a7 _bcbc _corignew _d1 _eocip _f20 _gy-gencatlg |
||
| 942 |
_2ddc _cBK _n0 |
||
| 999 |
_c766 _d766 |
||